000 00560nam a2200205Ia 4500
001 12369
003 GE_BSU
008 181216s||||||||xx |||||||||||||| ||und||
040 _cGE_BSU
080 _a634
100 _aПопушой,И.С.
245 _aМикрофлора плодовых деревьев СССР
245 _cРед.Н.П.Мокеева
260 _aМосква
260 _bНаука
260 _c1971
300 _a450стр.21см.
653 _aМикрофлора плодовых деревьев СССР
942 _cBK
999 _c45544
_d45544